Clubs Européens ayant affronté le LOSC entre 2000 et 2010 - Statistiques

Statistiques générales
  • Ce quiz a été pris 18 fois
    12 depuis la dernière actualisation
  • Le résultat moyen est 3 sur 32
Answers on the Grid
Answers color-coded by a green-red scale on the quiz's grid according to % correct below.
Parme
Majorque
Deportivo La Corogne
Olympiakos
Panathinaikos
AEK Athenes
Benfica
FK Minsk
Manchester United
Auxerrre
FC Seville
Liverpool
Vardar Skopje
Aachener Turn- und Sportverein Alemannia
Villareal
Bale
Moscou
Vaslui
Dortmund
Real Betis Seville
Dinamo Minsk
Chelsea
Fiorentina
Milan AC
Inter Milan
VfB Stuttgart
Aston Villa
Dinamo Zagreb
Slaven Belupo
Galatasaray
Trabzonspor
Rabotnički Skopje
Sampdoria de Genes
Genoa
Auxerre
Shelbourne
Sevojno
Shakhtar Donetsk
RSC Anderlecht
Fenerbahce
Shamrock FC
CSKA Sofia
Sparta Prague
Genk
La Gantoise
Valence
FC Cologne
Slovan Liberec
Saint-Petersbourg
Ajax Amsterdam
Psv
Gloria Bistriţa
Slavia Prague
FC Porto
Lyon
Sportivo Alano
Steaua Bucarest
FC Varsovia
Uniao Leiria
Dinamo Kiev
 
Statistiques - réponses
Réponse % Correct
Parme
60%
Liverpool
40%
Manchester United
40%
AEK Athenes
30%
Benfica
30%
Dortmund
30%
Milan AC
20%
Olympiakos
20%
Villareal
20%
Aachener Turn- und Sportverein Alemannia
10%
Aston Villa
10%
Auxerre
10%
FC Seville
10%
Fiorentina
10%
Bale
0%
Deportivo La Corogne
0%
Dinamo Minsk
0%
Fenerbahce
0%
Genk
0%
Genoa
0%
Gloria Bistriţa
0%
Rabotnički Skopje
0%
RSC Anderlecht
0%
Saint-Petersbourg
0%
Sevojno
0%
Shakhtar Donetsk
0%
Shelbourne
0%
Slaven Belupo
0%
Slavia Prague
0%
Uniao Leiria
0%
Valence
0%
VfB Stuttgart
0%
Aucun quiz correspondant
Distribution des résultats
% des personnes avec chaque résultat
Percentile par nombre de réponses
Votre historique - résultats
Vous n’avez pas pris ce quiz depuis la dernière actualisation